000 00551nam a22001817a 4500
005 20251108164817.0
008 250721s1971 xx 000 0 ara d
082 1 4 _a813.09/غال
100 1 _aشكري، غالي
245 1 0 _aأزمة الجنس في القصة العربية /
264 1 _aالقاهرة :
_bالهيئة المصرية العامة،
_c1971.
300 _a320ص
650 1 7 _aالقصص العربية
650 1 7 _aالتاريخ الأدبي
650 1 7 _aالنقد الأدبي
942 _2ddc
_cBK
999 _c14906
_d14906